[Event "Lisbon Portugal rapid 2op"]
[Site "Lisbon"]
[Date "2020.02.02"]
[Round "8"]
[White "Fernandes, Alvaro Manuel Teixe"]
[Black "Guerra, Vitor Manuel Vestia"]
[Result "0-1"]
[WhiteElo "1773"]
[BlackElo "2108"]
[PlyCount "68"]
[EventDate "2020.01.02"]
[EventType "swiss (rapid)"]
[EventRounds "8"]
[EventCountry "POR"]
[SourceTitle "CBM 194 Extra"]
[Source "ChessBase"]
[SourceDate "2020.03.31"]
[SourceVersion "1"]
[SourceVersionDate "2020.03.31"]
[SourceQuality "1"]

1. d4 d5 2. Nf3 e6 3. Bf4 Nf6 4. e3 a6 5. Bd3 Be7 6. 0-0 0-0 7. c4 dxc4 8. Bxc4 b5 9. Be2 Bb7 10. Nbd2 Nbd7 11. Nb3 c5 12. dxc5 Nxc5 13. Nxc5 Bxc5 14. Rc1 Qb6 15. Rxc5 Qxc5 16. Bd6 Qb6 17. Bxf8 Rxf8 18. Qd4 Qc7 19. Rd1 Bd5 20. a3 Rc8 21. h3 h6 22. Ne1 Bb3 23. Ra1 Rd8 24. Qb4 Ba4 25. Nd3 Qc2 26. Bf1 Rxd3 27. Bxd3 Qxd3 28. Rc1 Bc2 29. Qc5 Bb3 30. Qc7 Kh7 31. Qc8 Bc4 32. Qxa6 Ne4 33. a4 bxa4 34. Qa5 Nxf2 0-1

[Event "Lisbon Portugal rapid 2op"]
[Site "Lisbon"]
[Date "2020.02.02"]
[Round "1"]
[White "Guerra, Vitor Manuel Vestia"]
[Black "Nunes, Adelino Vitor"]
[Result "1-0"]
[WhiteElo "2108"]
[BlackElo "1550"]
[PlyCount "68"]
[EventDate "2020.01.02"]
[EventType "swiss (rapid)"]
[EventRounds "8"]
[EventCountry "POR"]
[SourceTitle "CBM 194 Extra"]
[Source "ChessBase"]
[SourceDate "2020.03.31"]
[SourceVersion "1"]
[SourceVersionDate "2020.03.31"]
[SourceQuality "1"]

1. d4 g6 2. c4 Bg7 3. Nf3 Nf6 4. Nc3 c6 5. d5 cxd5 6. cxd5 d6 7. h3 0-0 8. Nd4 Qa5 9. Nb3 Qd8 10. e4 Nbd7 11. Be3 b6 12. Bd3 a5 13. 0-0 Nc5 14. Nd4 Nxd3 15. Qxd3 Ba6 16. Ncb5 Qd7 17. a4 Bxb5 18. axb5 Rfc8 19. Nc6 h5 20. Bxb6 a4 21. Bd4 Qb7 22. Rfc1 e5 23. Be3 Ne8 24. Rc3 Bf8 25. Rca3 Nc7 26. b6 Na6 27. Rxa4 Nc5 28. Bxc5 Rxa4 29. Rxa4 dxc5 30. Qb5 Ra8 31. Rxa8 Qxa8 32. b7 Qa1+ 33. Qf1 Qxb2 34. b8Q Qa2 1-0

[Event "Portuguese Masters"]
[Site "Cascais"]
[Date "2018.08.16"]
[Round "8"]
[White "Santos, Jose Alves"]
[Black "Guerra, Vitor Manuel Vestia"]
[Result "1-0"]
[WhiteElo "2118"]
[BlackElo "2127"]
[PlyCount "173"]
[EventDate "2018.08.11"]
[EventType "tourn"]
[EventRounds "9"]
[EventCountry "POR"]
[SourceTitle "CBM 186 Extra"]
[Source "ChessBase"]
[SourceDate "2018.08.24"]
[SourceVersion "1"]
[SourceVersionDate "2018.08.24"]
[SourceQuality "1"]

1. e4 c5 2. c3 Nf6 3. e5 Nd5 4. d4 cxd4 5. cxd4 d6 6. Nf3 Nc6 7. Bc4 e6 8. 0-0 Be7 9. Bb3 0-0 10. Nbd2 b6 11. Ne4 Ba6 12. exd6 Bxd6 13. Re1 Bb4 14. Bd2 Bxd2 15. Nexd2 Rc8 16. Rc1 Nf4 17. Nc4 Nb4 18. Rc3 Nbd5 19. Rc1 Qc7 20. a4 Nb4 21. Re3 Qc6 22. Qd2 Nbd5 23. Re4 b5 24. Nfe5 Qb7 25. Nd6 Rxc1+ 26. Qxc1 Qe7 27. Qc6 Nb4 28. Qc5 Nbd3 29. Nxd3 Nxd3 30. Qc6 Nb4 31. Qc5 bxa4 32. Bxa4 Nd5 33. Qxd5 Rd8 34. Nf5 Qg5 35. Qa5 exf5 36. Qxd8+ Qxd8 37. Re8+ Qxe8 38. Bxe8 Kf8 39. Bc6 Ke7 40. f4 Kd6 41. Ba8 Bd3 42. Bf3 Be4 43. Kf2 a5 44. Ke3 Bb1 45. g3 f6 46. Kd2 Be4 47. Be2 Bc6 48. Kc3 g5 49. Ba6 h5 50. Bc8 Be4 51. h4 gxh4 52. gxh4 Bb1 53. Kd2 Kd5 54. Ke3 Bc2 55. Bd7 Kd6 56. Bb5 Bb3 57. Be8 Bd1 58. Kd3 Kd5 59. Bf7+ Kd6 60. Bc4 Bf3 61. Bf7 Bd1 62. Kc4 Be2+ 63. Kb3 Bd1+ 64. Ka3 Kc6 65. Bb3 Bg4 66. Ka4 Kb6 67. Bf7 Bd1+ 68. b3 Be2 69. Bc4 Bf3 70. d5 Bd1 71. d6 Kc6 72. Kxa5 Kxd6 73. Kb6 Bf3 74. b4 Bd1 75. Bf7 Be2 76. Bg8 Bd3 77. Bb3 Be2 78. Bc2 Kd5 79. Bxf5 Kd4 80. Bd7 Ke3 81. f5 Kf4 82. Kc7 Kg4 83. Kd6 Kxh4 84. b5 Kg5 85. b6 Ba6 86. Bb5 Bb7 87. Kc7 1-0

[Event "Portuguese Masters"]
[Site "Cascais"]
[Date "2018.08.13"]
[Round "4"]
[White "Martins, Bruno Andre Leite"]
[Black "Guerra, Vitor Manuel Vestia"]
[Result "1-0"]
[WhiteElo "2158"]
[BlackElo "2127"]
[PlyCount "87"]
[EventDate "2018.08.11"]
[EventType "tourn"]
[EventRounds "9"]
[EventCountry "POR"]
[SourceTitle "CBM 186 Extra"]
[Source "ChessBase"]
[SourceDate "2018.08.24"]
[SourceVersion "1"]
[SourceVersionDate "2018.08.24"]
[SourceQuality "1"]

1. e4 c5 2. Nf3 e6 3. d4 cxd4 4. Nxd4 a6 5. Bd3 Nc6 6. Nxc6 bxc6 7. 0-0 d5 8. c4 Nf6 9. Qa4 Bd7 10. e5 Ng8 11. Nc3 f5 12. exf6 Nxf6 13. Bg5 Be7 14. Qc2 Kf7 15. Rfe1 g6 16. Rac1 Qa5 17. Bd2 Qd8 18. Na4 Bd6 19. Bc3 Re8 20. c5 Bc7 21. Be5 Bxe5 22. Rxe5 Ng4 23. Re2 e5 24. f3 Nf6 25. Nb6 Ra7 26. Rce1 e4 27. fxe4 dxe4 28. Bxe4 Bf5 29. Qc4+ Kg7 30. Bxf5 Rxe2 31. Qxe2 gxf5 32. Qe5 Qd3 33. Nc8 Rd7 34. Nd6 Kg6 35. h3 Rxd6 36. Qxd6 Qc2 37. b4 Qxa2 38. Qxc6 Qd2 39. Qe6 Qxb4 40. c6 Kg5 41. Qe3+ f4 42. Qe5+ Kg6 43. c7 Qc4 44. Rf1 1-0

[Event "Portuguese Masters"]
[Site "Cascais"]
[Date "2018.08.12"]
[Round "2"]
[White "Martins, David Pires Tavares"]
[Black "Guerra, Vitor Manuel Vestia"]
[Result "1-0"]
[WhiteElo "2397"]
[BlackElo "2127"]
[PlyCount "91"]
[EventDate "2018.08.11"]
[EventType "tourn"]
[EventRounds "9"]
[EventCountry "POR"]
[SourceTitle "CBM 186 Extra"]
[Source "ChessBase"]
[SourceDate "2018.08.24"]
[SourceVersion "1"]
[SourceVersionDate "2018.08.24"]
[SourceQuality "1"]

1. d4 d5 2. c4 e6 3. Nc3 c6 4. e4 dxe4 5. Nxe4 Nf6 6. Nc3 Nbd7 7. Bf4 Bb4 8. Bd3 c5 9. a3 Ba5 10. b4 cxb4 11. axb4 Bxb4 12. Nge2 0-0 13. 0-0 e5 14. dxe5 Nh5 15. Be3 Nxe5 16. Bxh7+ Kxh7 17. Qb1+ Nd3 18. Nd5 Bf5 19. Nxb4 Nxb4 20. Qxf5+ g6 21. Qb5 Nc2 22. Rxa7 Rxa7 23. Bxa7 Qd3 24. Nc1 Qe4 25. f3 Qe6 26. Qb3 Ra8 27. Bf2 Na3 28. Qxb7 Rc8 29. c5 Nc2 30. Qb3 Qxb3 31. Nxb3 Nf4 32. Bg3 Nd3 33. Bd6 Ne3 34. Rb1 Nf5 35. Rd1 Nb2 36. Ra1 Nd3 37. Kf1 Rd8 38. Ke2 Nb2 39. Bg3 Rd3 40. Na5 Nd4+ 41. Kf1 Nd1 42. c6 Ne3+ 43. Kf2 Nd1+ 44. Kg1 Ne3 45. Be5 Ne6 46. c7 1-0

[Event "Lisbon Portugal op"]
[Site "Lisbon"]
[Date "2018.02.07"]
[Round "7"]
[White "Guerra, Vitor Manuel Vestia"]
[Black "Ozturk Orenli, Kubra"]
[Result "0-1"]
[WhiteElo "2113"]
[BlackElo "2353"]
[PlyCount "117"]
[EventDate "2018.02.03"]
[EventType "swiss"]
[EventRounds "9"]
[EventCountry "POR"]
[SourceTitle "CBM 182 Extra"]
[Source "ChessBase"]
[SourceDate "2018.02.23"]
[SourceVersion "1"]
[SourceVersionDate "2018.02.23"]
[SourceQuality "1"]

1. d4 d5 2. c4 c6 3. Nc3 dxc4 4. a4 e5 5. d5 Bb4 6. e4 Qh4 7. Bxc4 Qxe4+ 8. Qe2 cxd5 9. Qxe4 dxe4 10. Bd2 Bxc3 11. Bxc3 Nc6 12. Bd5 Nge7 13. Bxe4 Bf5 14. Bxf5 Nxf5 15. 0-0-0 f6 16. f4 Nfd4 17. Re1 0-0-0 18. Nf3 exf4 19. Nxd4 Nxd4 20. Re4 Nc6 21. Rxf4 Rhe8 22. h4 Ne5 23. Kc2 Nd3 24. Rc4+ Kb8 25. g4 Re2+ 26. Kb3 b5 27. axb5 Rd5 28. Rd4 Rxd4 29. Bxd4 Re4 30. Kc3 Nf4 31. Bf2 Nd5+ 32. Kd3 Rxg4 33. Ra1 Nb6 34. Re1 Rg2 35. Re8+ Kc7 36. Ke2 Rg4 37. Kf3 h5 38. Re7+ Nd7 39. Bxa7 Kd6 40. Re2 Rb4 41. Rd2+ Ke6 42. Bd4 Rxb5 43. Bc3 g5 44. hxg5 fxg5 45. Kg3 Ne5 46. Rf2 Rd5 47. Rf8 Rd3+ 48. Kg2 Ng4 49. Rg8 h4 50. Rh8 Rg3+ 51. Kf1 h3 52. Bd4 h2 53. Ke2 Kd5 54. Bf2 Rb3 55. Rd8+ Ke4 56. Re8+ Ne5 57. Rh8 Rxb2+ 58. Kf1 Ng4 59. Re8+ 0-1

[Event "Lisbon Portugal op"]
[Site "Lisbon"]
[Date "2018.02.06"]
[Round "6"]
[White "Terbe, Julianna"]
[Black "Guerra, Vitor Manuel Vestia"]
[Result "0-1"]
[WhiteElo "2292"]
[BlackElo "2113"]
[PlyCount "88"]
[EventDate "2018.02.03"]
[EventType "swiss"]
[EventRounds "9"]
[EventCountry "POR"]
[SourceTitle "CBM 182 Extra"]
[Source "ChessBase"]
[SourceDate "2018.02.23"]
[SourceVersion "1"]
[SourceVersionDate "2018.02.23"]
[SourceQuality "1"]

1. Nf3 e6 2. g3 d5 3. Bg2 b5 4. b3 Nf6 5. c4 bxc4 6. bxc4 c6 7. 0-0 Be7 8. Nc3 0-0 9. d4 a5 10. Ne5 Nfd7 11. Nxd7 Nxd7 12. cxd5 cxd5 13. e4 Ba6 14. exd5 Bxf1 15. Qxf1 Rc8 16. dxe6 Rxc3 17. exd7 Qxd7 18. Bd2 Ra3 19. Bc1 Ra4 20. Be3 Bf6 21. Qa6 Qe6 22. Qxe6 fxe6 23. Bc6 Rc4 24. Bd7 Kf7 25. Re1 Rd8 26. Bb5 Rb4 27. a4 Bxd4 28. Bxd4 Rbxd4 29. Kg2 Rc8 30. Re2 Rc5 31. h4 e5 32. Ra2 Ke6 33. Kf3 Rc3+ 34. Ke2 Rc7 35. Rb2 Rb4 36. Rd2 Rb3 37. Rd8 Rb2+ 38. Kf1 e4 39. Re8+ Kd5 40. Rd8+ Kc5 41. Re8 Rf7 42. Rxe4 Rfxf2+ 43. Ke1 Rh2 44. Be2 h5 0-1

[Event "Lisbon Portugal op"]
[Site "Lisbon"]
[Date "2018.02.04"]
[Round "2"]
[White "Campora, Daniel Hugo"]
[Black "Guerra, Vitor Manuel Vestia"]
[Result "1-0"]
[WhiteElo "2426"]
[BlackElo "2113"]
[PlyCount "103"]
[EventDate "2018.02.03"]
[EventType "swiss"]
[EventRounds "9"]
[EventCountry "POR"]
[SourceTitle "CBM 182 Extra"]
[Source "ChessBase"]
[SourceDate "2018.02.23"]
[SourceVersion "1"]
[SourceVersionDate "2018.02.23"]
[SourceQuality "1"]

1. e4 c5 2. Nf3 e6 3. d4 cxd4 4. Nxd4 a6 5. g3 Nc6 6. Bg2 Qc7 7. 0-0 Nf6 8. Nc3 Be7 9. a4 0-0 10. Be3 d6 11. h3 Re8 12. Nb3 b6 13. f4 Bb7 14. g4 Bf8 15. g5 Nd7 16. h4 g6 17. h5 Rac8 18. hxg6 hxg6 19. Rf2 Nb4 20. a5 d5 21. Qd2 dxe4 22. Nxe4 Bxe4 23. Bxe4 Nd5 24. Bxd5 exd5 25. Bd4 Re4 26. axb6 Nxb6 27. Qa5 Rxf4 28. Qxb6 Rg4+ 29. Rg2 Rxg2+ 30. Kxg2 Qxc2+ 31. Kg1 Rc6 32. Rc1 Rxb6 33. Rxc2 Rxb3 34. Rc8 Rb5 35. Bf6 Rb7 36. Kf2 d4 37. Bxd4 f6 38. gxf6 Kf7 39. Ke3 a5 40. Ke4 Rb5 41. Rc7+ Ke6 42. Rc6+ Kf7 43. Be5 Rb4+ 44. Bd4 Rb5 45. Rc8 Rh5 46. Be5 Rh1 47. Kd5 Rd1+ 48. Bd4 Bh6 49. Rc7+ Ke8 50. Ke6 Kd8 51. Be5 Rd2 52. Rh7 1-0

[Event "Lisbon Portugal op"]
[Site "Lisbon"]
[Date "2017.02.09"]
[Round "8"]
[White "Guerra, Vitor Manuel Vestia"]
[Black "Campora, Daniel Hugo"]
[Result "0-1"]
[WhiteElo "2130"]
[BlackElo "2450"]
[PlyCount "56"]
[EventDate "2017.02.04"]
[EventType "swiss"]
[EventRounds "9"]
[EventCountry "POR"]
[SourceTitle "CBM 176 Extra"]
[Source "ChessBase"]
[SourceDate "2017.03.02"]
[SourceVersion "1"]
[SourceVersionDate "2017.03.02"]
[SourceQuality "1"]

1. d4 Nf6 2. c4 e5 3. dxe5 Ng4 4. e4 Nxe5 5. f4 Nec6 6. Nc3 Bc5 7. Nf3 d6 8. Na4 Bb4+ 9. Bd2 0-0 10. Bd3 Bg4 11. 0-0 Nd7 12. h3 Bxf3 13. Rxf3 Bxd2 14. Qxd2 Nc5 15. Bc2 Nxa4 16. Bxa4 Qf6 17. Bxc6 bxc6 18. Re1 Rfe8 19. Re2 h6 20. Ra3 a6 21. Ra5 c5 22. e5 dxe5 23. Rxe5 Rxe5 24. fxe5 Qxe5 25. Qf2 Rd8 26. g4 Rd1+ 27. Kg2 Qe4+ 28. Kh2 Qh1+ 0-1

[Event "Lisbon Portugal op"]
[Site "Lisbon"]
[Date "2017.02.04"]
[Round "2"]
[White "Guerra, Vitor Manuel Vestia"]
[Black "Abergel, Thal"]
[Result "0-1"]
[WhiteElo "2130"]
[BlackElo "2464"]
[PlyCount "80"]
[EventDate "2017.02.04"]
[EventType "swiss"]
[EventRounds "9"]
[EventCountry "POR"]
[SourceTitle "CBM 176 Extra"]
[Source "ChessBase"]
[SourceDate "2017.03.02"]
[SourceVersion "1"]
[SourceVersionDate "2017.03.02"]
[SourceQuality "1"]

1. d4 g6 2. c4 Bg7 3. e4 d6 4. h3 Nc6 5. Nf3 e5 6. Be3 exd4 7. Nxd4 Nf6 8. Nc3 0-0 9. Be2 Re8 10. Nxc6 bxc6 11. Bf3 Rb8 12. Qc2 c5 13. Rd1 Bb7 14. 0-0 Qe7 15. Nd5 Nxd5 16. exd5 Bc8 17. b3 Qf6 18. Be2 a5 19. Bd3 a4 20. Rb1 axb3 21. axb3 Bd7 22. Bd2 Ra8 23. Rfe1 Red8 24. Re3 Re8 25. Rf3 Qd4 26. Rf4 Qe5 27. Re4 Qf6 28. Rf4 Qd8 29. Rf3 Ra3 30. b4 cxb4 31. Rxb4 Ra1+ 32. Rb1 Qa8 33. Re3 Rb8 34. Ree1 Ra3 35. Rxb8+ Qxb8 36. Rb1 Qa7 37. Be3 Bd4 38. Bxd4 Qxd4 39. Rd1 Ba4 40. Be2 Qa7 0-1

[Event "Portugal op"]
[Site "Oeiras"]
[Date "2015.09.03"]
[Round "7"]
[White "Gomes, Hugo Antonio Alexan"]
[Black "Guerra, Vitor Manuel Vestia"]
[Result "0-1"]
[WhiteElo "1716"]
[BlackElo "2119"]
[PlyCount "178"]
[EventDate "2015.08.30"]
[EventType "swiss"]
[EventRounds "9"]
[EventCountry "POR"]
[SourceTitle "EXT 2016"]
[Source "ChessBase"]
[SourceDate "2015.10.08"]
[SourceVersion "1"]
[SourceVersionDate "2015.10.08"]
[SourceQuality "1"]

1. e4 c5 2. Nf3 e6 3. d4 cxd4 4. Nxd4 a6 5. Bd3 Nf6 6. 0-0 Qc7 7. Qe2 d6 8. c4 Be7 9. Nc3 0-0 10. Be3 Nfd7 11. f4 b6 12. Rac1 Re8 13. b4 Bb7 14. Rf3 Bf8 15. Rh3 g6 16. Qf2 Bg7 17. Nf3 Nc6 18. a3 Ne7 19. Na4 Nc8 20. Qh4 Nf8 21. Qf2 Rb8 22. Nxb6 Bxe4 23. Bxe4 Nxb6 24. c5 Nd5 25. Bxd5 exd5 26. c6 a5 27. Ba7 Rb5 28. Bd4 axb4 29. Bxg7 Kxg7 30. Qd4+ Kg8 31. axb4 Re4 32. Qf6 Rbxb4 33. Rh4 Qa7+ 34. Kh1 Rbc4 35. Rf1 Qe7 36. Qa1 Rxc6 37. Qa8 Qe8 38. Qa2 Rec4 39. Qd2 Qe4 40. Re1 Rc2 41. Qd1 Qa4 42. f5 R6c4 43. Nd4 Ra2 44. fxg6 hxg6 45. Qb1 Rd2 46. Qb8 Rf2 47. Rh8+ Kxh8 48. Qxf8+ Kh7 49. Ne6 fxe6 50. Qxf2 Rf4 51. Qg3 Qc4 52. Qh3+ Kg7 53. g3 Rf5 54. g4 Rf4 55. g5 d4 56. Qxe6 Qc6+ 57. Kg1 d3 58. Qh3 Qc5+ 59. Kh1 Qd5+ 60. Qg2 Qxg2+ 61. Kxg2 Rg4+ 62. Kf3 Rxg5 63. Rd1 Rh5 64. Rd2 Kf6 65. Ke4 Ke6 66. Kf4 Rf5+ 67. Ke3 Rh5 68. Kf4 Rh3 69. Kg4 Re3 70. Kf4 Re2 71. Rxd3 Rxh2 72. Rg3 Rf2+ 73. Kg5 Rf8 74. Re3+ Kd5 75. Kxg6 Kd4 76. Re7 d5 77. Kg5 Kd3 78. Kg4 d4 79. Kg3 Kd2 80. Kg2 d3 81. Rd7 Ke2 82. Re7+ Kd1 83. Rd7 d2 84. Rd5 Kc2 85. Rc5+ Kd3 86. Rd5+ Ke3 87. Rd7 Rf4 88. Kg3 Rd4 89. Re7+ Kd3 0-1

[Event "Portugal op"]
[Site "Oeiras"]
[Date "2015.09.01"]
[Round "4"]
[White "Guerra, Vitor Manuel Vestia"]
[Black "Veiga, Jose Francisco RP"]
[Result "1-0"]
[WhiteElo "2119"]
[BlackElo "1801"]
[PlyCount "92"]
[EventDate "2015.08.30"]
[EventType "swiss"]
[EventRounds "9"]
[EventCountry "POR"]
[SourceTitle "EXT 2016"]
[Source "ChessBase"]
[SourceDate "2015.10.08"]
[SourceVersion "1"]
[SourceVersionDate "2015.10.08"]
[SourceQuality "1"]

1. d4 Nf6 2. c4 c5 3. d5 e6 4. Nc3 exd5 5. cxd5 d6 6. e4 g6 7. Bd3 Bg7 8. Nge2 0-0 9. h3 Re8 10. Qc2 Na6 11. a3 Rb8 12. Bf4 Nc7 13. b4 cxb4 14. axb4 Nxe4 15. Bxe4 Bxc3+ 16. Nxc3 f5 17. 0-0 fxe4 18. Rfe1 g5 19. Bg3 Bf5 20. f3 Rc8 21. Nxe4 Bxe4 22. Rxe4 Nb5 23. Rxe8+ Qxe8 24. Qf5 Qf8 25. Qe6+ Kh8 26. Re1 Rc7 27. h4 Qf7 28. hxg5 Qxe6 29. Rxe6 Rc4 30. Re8+ Kg7 31. Re7+ Kg6 32. Rxb7 Rxb4 33. Bxd6 Rb1+ 34. Kf2 Nc3 35. Rxb1 Nxb1 36. Bb4 Kf7 37. Ke3 a5 38. Bxa5 Na3 39. Kd4 Nc2+ 40. Kc5 Ne3 41. d6 Ke6 42. Kc6 Nf5 43. Bb4 Nd4+ 44. Kc7 Nb5+ 45. Kd8 Na7 46. Ke8 Kd5 1-0

[Event "Lisbon Odisseias rapid op 1st"]
[Site "Lisbon"]
[Date "2015.08.12"]
[Round "7"]
[White "Guerra, Vitor Manuel Vestia"]
[Black "Pires, Emanuel Joao Robart"]
[Result "1-0"]
[WhiteElo "2208"]
[BlackElo "2101"]
[PlyCount "91"]
[EventDate "2015.08.13"]
[EventType "swiss (rapid)"]
[EventRounds "7"]
[EventCountry "POR"]
[SourceTitle "EXT 2018"]
[Source "ChessBase"]
[SourceDate "2017.10.13"]
[SourceVersion "1"]
[SourceVersionDate "2017.10.13"]
[SourceQuality "1"]

1. d4 d5 2. Nf3 Nf6 3. g3 c6 4. Bg2 Bf5 5. 0-0 h6 6. c4 e6 7. Nc3 Bd6 8. b3 0-0 9. Bb2 Nbd7 10. Nd2 Re8 11. f3 Bg6 12. e4 e5 13. exd5 exd4 14. Nce4 Nxe4 15. Nxe4 Bxe4 16. fxe4 c5 17. Bc1 Ne5 18. Bh3 Be7 19. Qh5 Bg5 20. Bf4 g6 21. Qe2 Kg7 22. Rad1 a6 23. b4 d3 24. Bxe5+ Rxe5 25. Rxd3 cxb4 26. Rdf3 f6 27. Be6 f5 28. Qb2 Bf6 29. Qxb4 Rxe4 30. Qxb7+ Kh8 31. Qf7 Bd4+ 32. Kh1 Qf6 33. Qxf6+ Bxf6 34. c5 Rc4 35. c6 Be5 36. R1f2 Rb8 37. Re2 Bd6 38. Rb3 Rbb4 39. Bc8 a5 40. Re6 Bc5 41. Ba6 Rc1+ 42. Kg2 Rc2+ 43. Kf1 Rf2+ 44. Ke1 Rxh2 45. c7 Bf2+ 46. Kf1 1-0

[Event "Lisbon Odisseias rapid op 1st"]
[Site "Lisbon"]
[Date "2015.08.12"]
[Round "6"]
[White "Silva, Luis Neves Da"]
[Black "Guerra, Vitor Manuel Vestia"]
[Result "1-0"]
[WhiteElo "2320"]
[BlackElo "2208"]
[PlyCount "123"]
[EventDate "2015.08.13"]
[EventType "swiss (rapid)"]
[EventRounds "7"]
[EventCountry "POR"]
[SourceTitle "EXT 2018"]
[Source "ChessBase"]
[SourceDate "2017.10.13"]
[SourceVersion "1"]
[SourceVersionDate "2017.10.13"]
[SourceQuality "1"]

1. d4 d5 2. c4 e5 3. dxe5 d4 4. Nf3 Nc6 5. a3 a5 6. Nbd2 Bc5 7. Nb3 Ba7 8. c5 a4 9. Nbxd4 Bxc5 10. e3 Nge7 11. Bb5 Bd7 12. Be2 Ng6 13. Qc2 Bb6 14. Nxc6 Bxc6 15. 0-0 0-0 16. Bd2 Ba5 17. Bc3 Qe7 18. Rac1 Rfe8 19. Bd4 Rad8 20. h3 h6 21. Rfd1 Bb6 22. Qc3 Qe6 23. Qb4 Qb3 24. Qxb3 axb3 25. Bc4 Bxf3 26. gxf3 Nxe5 27. Bxe5 Rxd1+ 28. Rxd1 Rxe5 29. Bxb3 Rb5 30. Rd3 Kf8 31. f4 Ke7 32. Kf1 g5 33. fxg5 hxg5 34. Ke2 Bc5 35. Kd1 Bd6 36. Kc2 Rf5 37. Rd2 Rf3 38. Bd5 Rxh3 39. Bxb7 Rh8 40. Rd3 Rh2 41. Rd2 Rh8 42. Be4 Be5 43. b4 Bd6 44. Kb3 Ke6 45. Bd5+ Ke7 46. b5 Rh4 47. f3 Rh1 48. Bc6 Ra1 49. Ra2 Re1 50. a4 Rxe3+ 51. Kc4 Ra3 52. Rxa3 Bxa3 53. a5 Bc1 54. Kd4 Bb2+ 55. Kd3 Ba3 56. Kc4 Bc1 57. Kd3 Ba3 58. Kd4 Bb2+ 59. Kd5 Bc1 60. b6 cxb6 61. a6 b5 62. a7 1-0

[Event "Lisbon Cup 26th"]
[Site "Lisbon"]
[Date "2015.04.19"]
[Round "5"]
[White "Medeiros, Jose Joaquim Gomes"]
[Black "Guerra, Vitor Manuel Vestia"]
[Result "0-1"]
[WhiteElo "1905"]
[BlackElo "2122"]
[PlyCount "84"]
[EventDate "2015.01.18"]
[EventType "swiss"]
[EventRounds "7"]
[EventCountry "POR"]
[SourceTitle "EXT 2017"]
[Source "ChessBase"]
[SourceDate "2016.10.25"]
[SourceVersion "1"]
[SourceVersionDate "2016.10.25"]
[SourceQuality "1"]

1. e4 c5 2. Nc3 e6 3. f4 a6 4. Nf3 Nc6 5. g3 d5 6. e5 b5 7. d4 cxd4 8. Nxd4 Nxd4 9. Qxd4 Ne7 10. Bg2 Bb7 11. 0-0 Rc8 12. Qd3 Qc7 13. a3 g6 14. Bd2 h5 15. Rac1 Nf5 16. Ne2 Bc5+ 17. Kh1 h4 18. g4 h3 19. Bf3 Nh4 20. Nd4 g5 21. c3 gxf4 22. Bxf4 Qb6 23. Be3 Qc7 24. Bf4 Qe7 25. Rc2 Ng6 26. Bg3 Kf8 27. Bd1 Bxd4 28. Qxd4 Rc4 29. Qd3 Qg5 30. Rcf2 Rh7 31. Rf6 Kg8 32. Bc2 Qxg4 33. R6f4 Qh5 34. Rd4 Rg7 35. Qe3 Ne7 36. Kg1 Nc6 37. Rxc4 dxc4 38. Qb6 Rxg3+ 39. hxg3 h2+ 40. Kg2 Na5+ 41. Qxb7 Nxb7 42. Re1 h1Q+ 0-1

[Event "Lisbon Cup 26th"]
[Site "Lisbon"]
[Date "2015.03.16"]
[Round "4"]
[White "Santos, Antonio Pereira"]
[Black "Guerra, Vitor Manuel Vestia"]
[Result "1-0"]
[WhiteElo "2280"]
[BlackElo "2122"]
[PlyCount "53"]
[EventDate "2015.01.18"]
[EventType "swiss"]
[EventRounds "7"]
[EventCountry "POR"]
[SourceTitle "EXT 2017"]
[Source "ChessBase"]
[SourceDate "2016.10.25"]
[SourceVersion "1"]
[SourceVersionDate "2016.10.25"]
[SourceQuality "1"]

1. d4 d5 2. c4 c6 3. Nf3 Nf6 4. Nc3 e6 5. Bg5 Be7 6. e3 Nbd7 7. Rc1 a6 8. a3 0-0 9. Bd3 b5 10. c5 e5 11. dxe5 Ne8 12. h4 Nxc5 13. Bb1 Ne6 14. Ne2 c5 15. Ng3 g6 16. b4 cxb4 17. axb4 Bxb4+ 18. Kf1 Nxg5 19. hxg5 Be7 20. Qd4 Ng7 21. Rxh7 Bxg5 22. Rh2 Re8 23. Ke2 Ne6 24. Qb4 a5 25. Rch1 Nf8 26. Rh8+ Kg7 27. Qxf8+ 1-0

[Event "POR-chT3 final"]
[Site "Caldas da Rainha"]
[Date "2014.08.17"]
[Round "3.1"]
[White "Guerra, Vitor Manuel Vestia"]
[Black "Dias, Paulo Jorge Guimara"]
[Result "1/2-1/2"]
[WhiteElo "2166"]
[BlackElo "2416"]
[PlyCount "69"]
[EventDate "2014.08.16"]
[EventType "team-tourn"]
[EventRounds "3"]
[EventCountry "POR"]
[SourceTitle "EXT 2018"]
[Source "ChessBase"]
[SourceDate "2017.10.13"]
[SourceVersion "1"]
[SourceVersionDate "2017.10.13"]
[SourceQuality "1"]
[WhiteTeam "CeCSSAC"]
[BlackTeam "Sporting Clube Portugal"]
[WhiteTeamCountry "POR"]
[BlackTeamCountry "POR"]

1. d4 d5 2. Nf3 Nf6 3. g3 Bf5 4. Bg2 e6 5. 0-0 Nbd7 6. c4 c6 7. Nc3 dxc4 8. a4 Bb4 9. Nh4 Bg4 10. Qc2 0-0 11. h3 Bh5 12. g4 Nd5 13. Nf3 Bg6 14. e4 Nxc3 15. bxc3 Be7 16. Nd2 f5 17. Nxc4 f4 18. Qe2 Qc7 19. e5 Nb6 20. Nd6 Bxd6 21. exd6 Qf7 22. Bf3 Rfe8 23. Be4 e5 24. Bxg6 hxg6 25. dxe5 Nc4 26. e6 Qxe6 27. Qxe6+ Rxe6 28. Bxf4 Nxd6 29. Rfd1 Nc4 30. Rd7 Rf8 31. Bg3 Rf7 32. Rd8+ Rf8 33. Rd7 Rf7 34. Rd8+ Rf8 35. Rd7 1/2-1/2

[Event "POR-ch prel"]
[Site "Lisbon"]
[Date "2013.07.20"]
[Round "7.5"]
[White "Guerra, Vitor Manuel Vestia"]
[Black "Coimbra, Margarida Goncalves"]
[Result "1/2-1/2"]
[WhiteElo "2183"]
[BlackElo "2093"]
[PlyCount "132"]
[EventDate "2013.07.15"]
[EventType "swiss"]
[EventRounds "9"]
[EventCountry "POR"]
[SourceTitle "EXT 2015"]
[Source "ChessBase"]
[SourceDate "2014.11.20"]
[SourceVersion "1"]
[SourceVersionDate "2014.11.20"]
[SourceQuality "1"]

1. d4 d5 2. Nf3 Nf6 3. g3 c6 4. Bg2 Bg4 5. 0-0 Nbd7 6. c4 e6 7. a4 a5 8. b3 Bb4 9. Bb2 0-0 10. Nfd2 Bh5 11. Nc3 Qe7 12. Qc2 Bg6 13. Qc1 Rfd8 14. Na2 Bd6 15. Re1 c5 16. cxd5 exd5 17. dxc5 Bxc5 18. Nf3 Rac8 19. Qf4 Bd6 20. Qd2 Rc2 21. Bxf6 Nxf6 22. Qxa5 Bc5 23. b4 b6 24. Qb5 Bxf2+ 25. Kh1 Bxe1 26. Nxe1 Qxe2 27. Nxc2 Qxb5 28. axb5 Bxc2 29. Rc1 Bd3 30. Nc3 d4 31. Nd5 Nxd5 32. Bxd5 Bxb5 33. Rc7 d3 34. Bxf7+ Kf8 35. Bb3 d2 36. Rf7+ Ke8 37. Rxg7 d1Q+ 38. Bxd1 Rxd1+ 39. Kg2 Rd7 40. Rg4 Rd2+ 41. Kg1 Bc6 42. Rh4 Rd7 43. Rh6 Rc7 44. b5 Bxb5 45. Rxb6 Bd3 46. Kf2 Re7 47. Kf3 Kf7 48. g4 Re6 49. Rb3 Be2+ 50. Kg3 Kg6 51. h3 Rd6 52. Kf2 Bc4 53. Rc3 Be6 54. Kg3 Rb6 55. Kf4 Bd7 56. Kg3 Ba4 57. Rc4 Bb3 58. Rc5 Be6 59. Kf4 h6 60. Ra5 Bd7 61. Ra3 Rf6+ 62. Ke5 Re6+ 63. Kf4 Bc6 64. Kg3 Bd5 65. h4 Rb6 66. Kf4 Rb4+ 1/2-1/2